[Event "Oberfranken-ch Seniors"]
[Site "Bischofsgruen"]
[Date "2009.06.07"]
[Round "3"]
[White "Wagner, Gerhard"]
[Black "Weidmann, Hartmut"]
[Result "0-1"]
[WhiteElo "1560"]
[BlackElo "1649"]
[PlyCount "70"]
[EventDate "2009.06.05"]
[EventType "swiss"]
[EventRounds "9"]
[EventCountry "GER"]
[SourceTitle "EXT 2012"]
[Source "ChessBase"]
[SourceDate "2011.11.24"]
[SourceVersion "1"]
[SourceVersionDate "2011.11.24"]
[SourceQuality "1"]

1. e4 d5 2. exd5 Qxd5 3. Nc3 Qa5 4. d4 Nf6 5. Bd2 c6 6. Nf3 Qc7 7. Bd3 e6 8. 0-0 Bd6 9. Ne4 Nxe4 10. Bxe4 Nd7 11. g3 Nf6 12. Bd3 b6 13. Re1 Bb7 14. c4 0-0 15. Bg5 Be7 16. Qc2 c5 17. Bxf6 Bxf6 18. Bxh7+ Kh8 19. Be4 cxd4 20. Rad1 Rad8 21. Qe2 g6 22. b3 Bc8 23. Qd2 Bg7 24. Qg5 Qc5 25. Qh4+ Kg8 26. Ng5 Rfe8 27. Rd3 f6 28. Qh7+ Kf8 29. Red1 Qxg5 30. Bxg6 Re7 31. Rxd4 Rxd4 32. Rxd4 Rd7 33. Rf4 e5 34. h4 Bb7 35. Rxf6+ Qxf6 0-1